Sri rama as god alimighty : (Record no. 125269)

MARC details
000 -LEADER
fixed length control field 00770nam a22002657a 4500
003 - CONTROL NUMBER IDENTIFIER
control field dpl
005 - DATE AND TIME OF LATEST TRANSACTION
control field 20180729105118.0
008 - FIXED-LENGTH DATA ELEMENTS--GENERAL INFORMATION
fixed length control field 0
010 ## - LIBRARY OF CONGRESS CONTROL NUMBER
LC control number A-940576
020 ## - INTERNATIONAL STANDARD BOOK NUMBER
Terms of availability 160.00
035 ## - SYSTEM CONTROL NUMBER
System control number A-940576, A-940577
037 ## - SOURCE OF ACQUISITION
Source of stock number/acquisition Cen Lib/Ret
040 ## - CATALOGING SOURCE
Original cataloging agency DPL
Language of cataloging EN
Transcribing agency 0
082 ## - DEWEY DECIMAL CLASSIFICATION NUMBER
Classification number 230.1
Item number BAL
100 ## - MAIN ENTRY--PERSONAL NAME
Personal name Balakrishnan, S.
9 (RLIN) 10247
245 ## - TITLE STATEMENT
Title Sri rama as god alimighty :
Statement of responsibility, etc by S. Balakrishnan
Remainder of title adhyatma ramayanam /
246 ## - VARYING FORM OF TITLE
Remainder of title
260 ## - PUBLICATION, DISTRIBUTION, ETC. (IMPRINT)
Name of publisher, distributor, etc Bahratiya Vidya Bhawan
Place of publication, distribution, etc Bombay
Date of publication, distribution, etc 1997
270 ## - ADDRESS
Address Kulpati Munshi Marg
City Bombay
Postal code 400007
300 ## - PHYSICAL DESCRIPTION
Extent xxv, 220p.
Dimensions 21cm(Hb)
650 ## - SUBJECT ADDED ENTRY--TOPICAL TERM
Topical term or geographic name as entry element Hinduism
9 (RLIN) 91184
650 ## - SUBJECT ADDED ENTRY--TOPICAL TERM
Topical term or geographic name as entry element Hindus God
9 (RLIN) 11044
700 ## - ADDED ENTRY--PERSONAL NAME
Personal name Ramakrishnan, S.
9 (RLIN) 91185
942 ## - ADDED ENTRY ELEMENTS (KOHA)
Source of classification or shelving scheme Dewey Decimal Classification
Koha item type English Books
Classification part 230.1
Call number suffix BAL
Holdings
Withdrawn status Lost status Damaged status Not for loan Home library Current library Date acquired Source of acquisition Cost, normal purchase price Total Checkouts Total Renewals Full call number Barcode Date last seen Date checked out Copy number Cost, replacement price Price effective from Koha item type Source of classification or shelving scheme Collection code
        Central Library Central Library 20/06/2015 Cen Lib/Ret 160.00 1 1 230.1 BAL A-940576 10/03/2023 09/02/2023 1 160.00 20/06/2015 English Books    
        Patel Nagar Patel Nagar 29/07/2018 BPPD/Pub 160.00     230.1 BAL A-940577 29/07/2018     160.00 29/07/2018 English Books Dewey Decimal Classification Non-fiction

© Delhi Public Library
Hit Counter
free hit counter